Normal view MARC view
  • Mendieta Otálora, William Jesús

Entry Nombre Personal

Number of records used in: 1

001 - NUMERO DE CONTROL

  • campo de control: 58779

003 - IDENTIFICADOR DE NUMERO DE CONTROL

  • campo de control: DLC

005 - FECHA Y HORA DE LA ÜLTIMA TRANSACCIÓN

  • campo de control: 20260216111716.0

008 - DATOS DE LONGITUD FIJA

  • campo de control de longitud fija: 210630n| azannaabn || aaa c

010 ## - NÚMERO DE CONTROL DE LA BIBLIOTECA DEL CONGRESO

  • Número de control LC: no2021077863

035 ## - NUMERO DE CONTROL

  • Número de control: (OCoLC)oca13809072

040 ## - FUENTE DE CATALOGACIÓN

  • Agencia original de catalogación: CSt
  • Lenguaje de catalogación: spa
  • Description conventions: rda
  • Agencia de transcripción: CSt
  • Agencia que lo modifica: MX-MxUPN

100 1# - ENCABEZAMIENTO - NOMBRE PERSONAL

  • Nombre personal: Mendieta Otálora, William Jesús

370 ## - LUGAR ASOCIADO

  • Associated country: Colombia
  • Fuente del término: naf

371 ## - DIRECCIÓN

  • Electronic mail address: wmendieta@unimagdalena.edu.co

373 ## - GRUPO ASOCIADO

  • Associated group: Universidad del Magdalena
  • Fuente del término: naf

377 ## - LENGUA ASOCIADA

  • Language code: spa

670 ## - FUENTE EN LA QUE SE LOCALIZARON DATOS

  • Cita de la fuente: La práctica pedagógica intercultural bilingüe, 2020:
  • Información localizada: portada (William Jesús Mendieta Otálora) solapa (Biologist from the University of Magdalena)

670 ## - FUENTE EN LA QUE SE LOCALIZARON DATOS

  • Cita de la fuente: Estudios pedagógicos, Vol. 51, no 2 (2025):
  • Información localizada: página 325 (William Jesús Mendieta Otálora; Universidad del Magdalena-Colombia; wmendieta@unimagdalena.edu.co)

902 ## - CATALOGADOR

  • Catalogador: Víctor Ruiz/160226